Tilastot visalle Suomen kalat

Klikkaa tästä pelataksesi tätä visaa!

Yleistilastot

  • Tätä visaa on pelattu 231 kertaa
  • Keskiarvotulos 19 / 63

Vastaustilastot

Vastaus% Oikein
Ahven
98%
Hauki
94%
Lohi
94%
Kuha
84%
Särki
83%
Silakka
81%
Lahna
80%
Siika
78%
Made
72%
Taimen
69%
Muikku
65%
Ankerias
59%
Salakka
57%
Kampela
51%
Kiiski
51%
Nieriä
48%
Ruutana
46%
Säyne
45%
Harjus
38%
Suutari
34%
Toutain
33%
Turska
33%
Kolmipiikki
30%
Nahkiainen
30%
Sorva
30%
Pasuri
28%
Sulkava
26%
Turpa
26%
Mutu
23%
Kuore
22%
Törö
21%
Kivisimppu
20%
Kilohaili
19%
Vimpa
19%
Kymmenpiikki
17%
Härkäsimppu
16%
Seipi
15%
Hietatokko
13%
Kivinilkka
13%
Kivennuoliainen
11%
Allikkosalakka
10%
Piikkikampela
10%
Hopearuutana
9%
Isosimppu
9%
Liejutokko
9%
Mustatokko
9%
Rasvakala
9%
Särmäneula
9%
Mustatäplätokko
8%
Siloneula
8%
Isotuulenkala
7%
Nokkakala
7%
Elaska
6%
Miekkasärki
6%
Piikkisimppu
6%
Vaskikala
6%
Imukala
5%
Kirjoeväsimppu
5%
Pikkunahkiainen
5%
Pikkutuulenkala
5%
Rantanuoliainen
5%
Seitsenruototokko
2%
Idänsieraintokko
1%

Tulosjakauma

Persentiili vastausten määrän mukaan

Jokaisen tuloksen saaneiden osuus

Tuloshistoriasi

Et ole pelannut tätä visaa